<?xml version="1.0" encoding="UTF-8"?>
<record
    xmlns:xsi="http://www.w3.org/2001/XMLSchema-instance"
    xsi:schemaLocation="http://www.loc.gov/MARC21/slim http://www.loc.gov/standards/marcxml/schema/MARC21slim.xsd"
    xmlns="http://www.loc.gov/MARC21/slim">

  <leader>01130nam a22002537a 4500</leader>
  <controlfield tag="001">BRCA_9295</controlfield>
  <controlfield tag="003">FranzMayer</controlfield>
  <controlfield tag="005">20230724142502.0</controlfield>
  <controlfield tag="008">230724b        |||||||| |||| 00| 0 eng d</controlfield>
  <datafield tag="040" ind1=" " ind2=" ">
    <subfield code="a">MFM</subfield>
    <subfield code="b">esp</subfield>
    <subfield code="c">MFM</subfield>
  </datafield>
  <datafield tag="050" ind1=" " ind2="4">
    <subfield code="a">CO1693</subfield>
    <subfield code="b">M45 1620</subfield>
  </datafield>
  <datafield tag="082" ind1=" " ind2=" ">
    <subfield code="2">DP48.9</subfield>
  </datafield>
  <datafield tag="100" ind1="1" ind2=" ">
    <subfield code="4">Autor</subfield>
    <subfield code="a">Melchiore, Licentiato</subfield>
    <subfield code="9">28963</subfield>
  </datafield>
  <datafield tag="240" ind1="1" ind2=" ">
    <subfield code="a">Tractatus Maioratuum et Meliorationum Hispaniae</subfield>
    <subfield code="h">Tomus secundus</subfield>
    <subfield code="l">Lat&#xED;n</subfield>
  </datafield>
  <datafield tag="245" ind1="0" ind2=" ">
    <subfield code="a">Tractatus Maioratuum et Meliorationum Hispaniae </subfield>
    <subfield code="b">Tomus secundus</subfield>
  </datafield>
  <datafield tag="260" ind1=" " ind2=" ">
    <subfield code="a">Matriti, Espa&#xF1;a</subfield>
    <subfield code="b">Excudebat Ludouicus Sanctius Typographus Regius, ciufdem y Ioannis de Bonilla Bibliopola fumptibus</subfield>
    <subfield code="c">1620</subfield>
  </datafield>
  <datafield tag="300" ind1=" " ind2=" ">
    <subfield code="a">312 p</subfield>
    <subfield code="c">30 cm</subfield>
  </datafield>
  <datafield tag="440" ind1=" " ind2=" ">
    <subfield code="a">Tractatus Maioratuum et Meliorationum Hispaniae</subfield>
    <subfield code="n">Tomus Secundus</subfield>
    <subfield code="p">Vol 2</subfield>
    <subfield code="9">28964</subfield>
  </datafield>
  <datafield tag="500" ind1=" " ind2=" ">
    <subfield code="a">La primer hoja del libro esta arrugada y presenta un poco de da&#xF1;o</subfield>
  </datafield>
  <datafield tag="505" ind1=" " ind2=" ">
    <subfield code="a">Texto en: lat&#xED;nDirigido a: fil&#xF3;logos, historiadores, soci&#xF3;logos, antrop&#xF3;logosIncluye &#xED;ndice tem&#xE1;tico </subfield>
  </datafield>
  <datafield tag="650" ind1="1" ind2=" ">
    <subfield code="2">Espa&#xF1;a</subfield>
    <subfield code="a">Historia de Espa&#xF1;a</subfield>
    <subfield code="v">Civilizaci&#xF3;n espa&#xF1;ola</subfield>
    <subfield code="9">28965</subfield>
  </datafield>
  <datafield tag="651" ind1="2" ind2=" ">
    <subfield code="2">Vida espa&#xF1;ola</subfield>
    <subfield code="a">Clases sociales</subfield>
    <subfield code="v">Costumbres </subfield>
    <subfield code="9">28966</subfield>
  </datafield>
  <datafield tag="942" ind1=" " ind2=" ">
    <subfield code="2">lcc</subfield>
    <subfield code="c">B</subfield>
  </datafield>
  <datafield tag="999" ind1=" " ind2=" ">
    <subfield code="c">10915</subfield>
    <subfield code="d">10915</subfield>
  </datafield>
  <datafield tag="952" ind1=" " ind2=" ">
    <subfield code="0">0</subfield>
    <subfield code="1">0</subfield>
    <subfield code="2">lcc</subfield>
    <subfield code="4">0</subfield>
    <subfield code="7">0</subfield>
    <subfield code="8">CFM</subfield>
    <subfield code="a">BRCA</subfield>
    <subfield code="b">BRCA</subfield>
    <subfield code="d">2023-07-24</subfield>
    <subfield code="e">Donaci&#xF3;n</subfield>
    <subfield code="l">0</subfield>
    <subfield code="o">CO1693 M45 1620</subfield>
    <subfield code="p">CFM00531</subfield>
    <subfield code="r">2023-07-24 00:00:00</subfield>
    <subfield code="w">2023-07-24</subfield>
    <subfield code="y">B</subfield>
  </datafield>
</record>
